000 00288nam a22001337a 4500
008 171106b xxu||||| |||| 00| 0 eng d
020 _a9780324186239
041 _aeng
080 _a330.722.6
100 _a61
101 _akon
245 _aACCOUNTING THEORY
_cWOLK
942 _2udc
_cBK
999 _c37845
_d37845